Header

Como se habla y se gobierna en la primera provincia argentina : (Registro nro. 3874)

Detalles MARC
000 -LEADER
campo de control de longitud fija 00637nam a2200205Ia 4500
001 - NÚMERO DE CONTROL
campo de control 3874
003 - IDENTIFICADOR DE NÚMERO DE CONTROL
campo de control AR-BaAGN
005 - FECHA Y HORA DE LA ÚLTIMA TRANSACCIÓN
campo de control 20231226134345.0
007 - CAMPO FIJO DE DESCRIPCIÓN FÍSICA--INFORMACIÓN GENERAL
campo de control de longitud fija ta
008 - DATOS DE LONGITUD FIJA--INFORMACIÓN GENERAL
campo de control de longitud fija 211213s1937 ag |||||||||||||| ||spa d
040 ## - FUENTE DE CATALOGACIÓN
Centro catalogador/agencia de origen AR-BaAGN
Lengua de catalogación español
Normas de descripción aacr
942 ## - ELEMENTOS DE ENTRADA SECUNDARIOS (KOHA)
Tipo de ítem Koha Libro
100 1# - ENTRADA PRINCIPAL--NOMBRE DE PERSONA
Nombre de persona Fresco, Manuel Antonio,
Fechas asociadas al nombre 1888-1971
ID autoridades 7065
245 10 - MENCIÓN DEL TÍTULO
Título Como se habla y se gobierna en la primera provincia argentina :
Resto del título mensajes y discursos políticos del gobernador
Mención de responsabilidad, etc. Manuel A. Fresco
260 ## - PUBLICACIÓN, DISTRIBUCIÓN, ETC.
Lugar de publicación, distribución, etc. La Plata :
Nombre del editor, distribuidor, etc. Taller de Impresiones Oficiales,
Fecha de publicación, distribución, etc. 1937.
300 ## - DESCRIPCIÓN FÍSICA
Extensión 116 páginas
336 ## - TIPO DE CONTENIDO
Fuente rdacontent
Código de tipo de contenido texto
337 ## - TIPO DE MEDIO
Fuente rdamedia
Código del tipo de medio no mediado
338 ## - TIPO DE SOPORTE
Fuente rdacarrier
Código del tipo de soporte volumen
Existencias
Estado de retiro Estado de pérdida Estado de conservación Biblioteca actual Ubicación en estantería Signatura topográfica completa Código de barras Tipo de ítem Koha Nota pública
      Biblioteca del Archivo General de la Nación Ernesto H. Celesia - Folletos EC.f 41-15 CF00041-15 Folleto  
      Biblioteca del Archivo General de la Nación Ernesto H. Celesia - Biblioteca EC 7343 EC-7343 Libro 20-06-46

Contacto

Dirección: Av. Leandro Alem 246, 3er piso (CABA).
Código postal: C1003AAP
Teléfono: 2206-0013
Correo electrónico: comunicacionagn@mininterior.gob.ar
Sitio Web: www.argentina.gob.ar/interior/archivo-general-de-la-nacion

AGN en las redes sociales

Facebook  /  Twitter  /  Instagram